LEADER 00679nam a2200169 i 4500 001 000000216960 003 CaOOAMICUS 005 20121115000000.0 008 121115s1897 xx u000 u lat u 013 $a195856 040 $aSeMil$bita 245 10$aDe rebus sacris et de officiis christianorum propriis. 300 $a463 p. 773 0 $aD'Annibale, Giuseppe <1815-1892>$tSummula theologiae moralis.$bEd. 4.$dRomae : Ex Typographia Polyglotta, 1896-1897.$gPars3$w()27681 850 $aSeMil 852 $aSeMil$W1$xVenegono$y1$m2E II 11 FA$j167376$B167376$CSeMilBibl$Z2$F178168 $8I 996 $6245$aDe rebus sacris et de officiis christianorum propriis$9(OLS)http://semarc/title/308834 LEADER 01322nam a2200277 i 4500 001 000000044033 003 CaOOAMICUS 005 20090929000000.0 008 090929s1970 xxk u000 u eng u 013 $a15203 020 $a0-521-07767-2 040 $aSeMil$bita 100 1 $aPollard, T.E.$0(OLS)http://semarc/name/21880 245 10$aJohannine christology and the Ealry Church /$cT.E. Pollard. 260 $aCambridge :$bat the University Press,$c1970. 300 $axi, 359 p. ;$c22 cm. 490 0 $aMonograph Series ;$v13 650 4$aCristologia - Storia - Sec. 2.$0(OLS)http://semarc/subject/1139 650 4$aChiesa primitiva e delle origini - Gesł Cristo - Storia delle dottrine.$0(OLS)http://semarc/subject/3468 650 4$aBibbia. Nuovo Testamento. Vangelo secondo Giovanni - Gesł Cristo.$0(OLS)http://semarc/subject/9428 830 0$aMonograph series / Society of biblical literature ;$v13.$0(OLS)http://semarc/title/64930 850 $aSeMil 852 $aSeMil$W1$xVenegono$y1$m2B III 264$j10188$B10188$CSeMilBibl$Z2$F10188 $81 996 $6020$a0-521-07767-2$9(OLS)http://semarc/number/15803 996 $6245$aJohannine christology and the Ealry Church$9(OLS)http://semarc/title/64929 996 $6260$aCambridge :$bat the University Press$9(OLS)http://semarc/publisher/35462